El objeto en los actos jurídicos.

Сохранить в:
Библиографические подробности
Главный автор: León Hurtado, Avelino (autor)
Формат:
Язык:испанский
Опубликовано: Santiago, Chile: Jurídica de Chile, 1958.
Серии:Colección de Estudios Jurídicos y Sociales,
Предметы:
Метки: Добавить метку
Нет меток, Требуется 1-ая метка записи!

MARC

LEADER 00000nam a2200000 a 4500
001 UCY0647
003 CL-VaPUC
005 20250108104733.0
008 940809e19580000CL |||||||||||||||||spa|d
999 |c 229601  |d 229599 
040 |c Pontificia Universidad Católica de Valparaíso 
082 0 4 |a 346.013 LEO 1958  |2 21 
100 |a León Hurtado, Avelino  |e autor  |9 768688 
245 1 3 |a El objeto en los actos jurídicos. 
260 |a Santiago, Chile:  |b Jurídica de Chile,  |c 1958. 
300 |a 178 páginas. 
490 0 |a Colección de Estudios Jurídicos y Sociales,   |n  48. 
500 |a c.5 Donación Jorge López Santa María. Memo DER N° 044/2023 
583 |a last modification  |c 20130328 13:31:32  |k Rodrigo Vera 
650 0 |a Actos jurídicos  |9 255748 
651 0 |a Chile  |2 CL-VaPUC  |9 254862 
942 |c BK  |2 ddc 
945 |d 19940809 00:00:00  |a aalvarez 
952 |0 0  |1 0  |4 0  |6 346_013000000000000_LEO_1958  |7 0  |8 A  |9 230906  |a BIBDER  |b BIBDER  |d 2019-11-15  |i 3003531  |l 2  |m 2  |o 346.013 LEO 1958  |p 3003531  |r 2023-05-29  |s 2023-05-26  |w 2019-11-15  |y BK  |k DER 
952 |0 0  |1 0  |2 ddc  |4 0  |6 346_013000000000000_LEO_1958  |7 0  |8 A  |9 592154  |a BIBDER  |b BIBDER  |d 2023-10-26  |e Donación  |i 5659166  |o 346.013 LEO 1958  |p 5659166  |r 2023-10-26  |t 4  |w 2023-10-26  |y BK  |k DER 
952 |0 0  |1 0  |2 ddc  |4 0  |6 346_013000000000000_LEO_1958  |7 0  |8 A  |9 592530  |a BIBDER  |b BIBDER  |d 2023-11-16  |e Donación  |i 5659565  |o 346.013 LEO 1958  |p 5659565  |r 2023-11-16  |t 5  |w 2023-11-16  |y BK  |k DER